[Event "Olympiad-38"]
[Site "Dresden"]
[Date "2008.11.21"]
[Round "8"]
[White "Pelletier, Yannick"]
[Black "Kelly, Brian"]
[Result "1/2-1/2"]
[WhiteElo "2557"]
[BlackElo "2488"]
[PlyCount "155"]
[EventDate "2008.11.13"]
[EventType "team-swiss"]
[EventRounds "11"]
[EventCountry "GER"]
[SourceTitle "CBM 128"]
[Source "ChessBase"]
[SourceDate "2009.01.28"]
[SourceVersion "1"]
[SourceVersionDate "2009.01.28"]
[SourceQuality "1"]
[WhiteTeam "Switzerland"]
[BlackTeam "Ireland"]
[WhiteTeamCountry "SUI"]
[BlackTeamCountry "IRL"]

1. d4 d5 2. c4 c6 3. Nf3 Nf6 4. Nc3 a6 5. c5 Nbd7 6. Bf4 Nh5 7. Bd2 Nhf6 8. Qc2 g6 9. g3 Bg7 10. Bg2 0-0 11. 0-0 Re8 12. Rad1 Nh5 13. e4 dxe4 14. Nxe4 Ndf6 15. Nc3 Be6 16. Rfe1 Bd5 17. h3 Qc7 18. Qc1 Bh8 19. g4 Ng7 20. Bf4 Qd8 21. Be5 Ne6 22. Nxd5 cxd5 23. b4 Bg7 24. Qe3 Qd7 25. Bh2 Nd8 26. Ne5 Qa4 27. g5 Nd7 28. Bxd5 Nxe5 29. dxe5 Qxb4 30. Rb1 Qa5 31. e6 f6 32. Bxb7 Nxb7 33. Rxb7 Rac8 34. Bd6 exd6 35. cxd6 Qd5 36. Rxg7+ Kxg7 37. gxf6+ Kxf6 38. Qf4+ Kg7 39. Qf7+ Kh6 40. d7 Rf8 41. dxc8Q Rxc8 42. Qd7 Qg5+ 43. Kf1 Rd8 44. Qc6 Qf5 45. Qc1+ Qg5 46. Qc3 Qb5+ 47. Kg2 Qg5+ 48. Kf1 Qb5+ 49. Kg2 Qg5+ 50. Qg3 Re8 51. e7 Qf6 52. Re4 Kg7 53. Qe3 Qd6 54. Qc3+ Qf6 55. Qc5 Qf5 56. Re5 Qf6 57. Re3 Qf4 58. a3 Qf6 59. a4 Qf4 60. a5 Qf6 61. Kg3 Qf7 62. Qe5+ Kg8 63. Qd6 Qf5 64. Re5 Qc8 65. Rc5 Qb7 66. Qe6+ Kg7 67. Re5 Qc7 68. Kg2 Qc3 69. h4 Qd4 70. Kg3 Qc3+ 71. Kg2 Qd4 72. h5 Qf4 73. hxg6 hxg6 74. Re3 Qg5+ 75. Rg3 Qf6 76. Re3 Qg5+ 77. Rg3 Qf6 78. Re3 1/2-1/2

[Event "Olympiad-38"]
[Site "Dresden"]
[Date "2008.11.20"]
[Round "7"]
[White "Kelly, Brian"]
[Black "Baba, Masahiro"]
[Result "1-0"]
[WhiteElo "2488"]
[BlackElo "2220"]
[PlyCount "113"]
[EventDate "2008.11.13"]
[EventType "team-swiss"]
[EventRounds "11"]
[EventCountry "GER"]
[SourceTitle "CBM 128"]
[Source "ChessBase"]
[SourceDate "2009.01.28"]
[SourceVersion "1"]
[SourceVersionDate "2009.01.28"]
[SourceQuality "1"]
[WhiteTeam "Ireland"]
[BlackTeam "Japan"]
[WhiteTeamCountry "IRL"]
[BlackTeamCountry "JPN"]

1. c4 Nf6 2. Nc3 e5 3. g3 Nc6 4. Bg2 Bc5 5. a3 a6 6. e3 d6 7. Nge2 0-0 8. d4 exd4 9. exd4 Ba7 10. 0-0 Re8 11. h3 h6 12. b4 Rb8 13. Bf4 Ne7 14. Rc1 Ng6 15. Be3 Be6 16. Qd3 c6 17. Rfe1 d5 18. c5 Qd7 19. g4 h5 20. f3 Rbc8 21. Nf4 Nh4 22. Bf2 Nxg2 23. Kxg2 Bb8 24. Nce2 Re7 25. Bh4 hxg4 26. hxg4 Bxg4 27. fxg4 Qxg4+ 28. Qg3 Qf5 29. Rf1 Rxe2+ 30. Nxe2 Qe4+ 31. Qf3 Qxh4 32. Rh1 Qg5+ 33. Kf1 Re8 34. Qh3 Kf8 35. Rg1 Qh5 36. Qxh5 Nxh5 37. a4 Re4 38. Rd1 g6 39. b5 axb5 40. axb5 Bc7 41. Rd3 cxb5 42. Kf2 Nf6 43. Rb1 b6 44. Nc3 Rf4+ 45. Rf3 Ne4+ 46. Nxe4 Rxe4 47. Rxb5 bxc5 48. dxc5 g5 49. Rf5 g4 50. Rb7 Re7 51. c6 d4 52. Rg5 g3+ 53. Kf1 f6 54. Rd5 Rh7 55. Rxd4 f5 56. Ra4 Re7 57. Raa7 1-0

[Event "Olympiad-38"]
[Site "Dresden"]
[Date "2008.11.15"]
[Round "3"]
[White "Matoewi, Roger"]
[Black "Kelly, Brian"]
[Result "0-1"]
[WhiteElo "2182"]
[BlackElo "2488"]
[PlyCount "92"]
[EventDate "2008.11.13"]
[EventType "team-swiss"]
[EventRounds "11"]
[EventCountry "GER"]
[SourceTitle "CBM 128"]
[Source "ChessBase"]
[SourceDate "2009.01.28"]
[SourceVersion "1"]
[SourceVersionDate "2009.01.28"]
[SourceQuality "1"]
[WhiteTeam "Surinam"]
[BlackTeam "Ireland"]
[WhiteTeamCountry "SUR"]
[BlackTeamCountry "IRL"]

1. e4 e6 2. d4 d5 3. Nc3 Bb4 4. exd5 exd5 5. Nf3 Ne7 6. Be2 0-0 7. 0-0 Nbc6 8. Bd3 Bxc3 9. bxc3 Bf5 10. Rb1 Rb8 11. Re1 Bxd3 12. Qxd3 Qd7 13. Ba3 Rfe8 14. Bxe7 Rxe7 15. Rxe7 Nxe7 16. Re1 Ng6 17. Qe3 Qf5 18. Re2 h6 19. g3 Rd8 20. Ne1 Qg4 21. Nd3 h5 22. f3 Qf5 23. Kg2 Kh7 24. Qf2 Rd6 25. h4 Ra6 26. Nc1 Re6 27. Rxe6 Qxe6 28. Qe2 Qxe2+ 29. Nxe2 Kg8 30. Kf2 Kf8 31. Ke3 Ke7 32. Ng1 Kf6 33. Nh3 Ne7 34. Kf4 Nf5 35. Nf2 Nd6 36. g4 g6 37. Nd3 Nb5 38. g5+ Ke7 39. Ke5 Nxc3 40. f4 Nxa2 41. f5 Nc3 42. Nf4 gxf5 43. Nxh5 a5 44. Nf4 a4 45. Nd3 a3 46. Nc1 f4 0-1

[Event "Olympiad-38"]
[Site "Dresden"]
[Date "2008.11.14"]
[Round "2"]
[White "Kelly, Brian"]
[Black "Bakalarz, Mietek"]
[Result "1-0"]
[WhiteElo "2488"]
[BlackElo "2330"]
[PlyCount "83"]
[EventDate "2008.11.13"]
[EventType "team-swiss"]
[EventRounds "11"]
[EventCountry "GER"]
[SourceTitle "CBM 128"]
[Source "ChessBase"]
[SourceDate "2009.01.28"]
[SourceVersion "1"]
[SourceVersionDate "2009.01.28"]
[SourceQuality "1"]
[WhiteTeam "Ireland"]
[BlackTeam "Luxembourg"]
[WhiteTeamCountry "IRL"]
[BlackTeamCountry "LUX"]

1. c4 Nf6 2. Nf3 g6 3. Nc3 d5 4. cxd5 Nxd5 5. Qa4+ Bd7 6. Qh4 Nxc3 7. dxc3 Nc6 8. Bf4 f6 9. Bh6 e5 10. Bxf8 Kxf8 11. 0-0-0 Kg7 12. g4 h6 13. Qg3 Qe7 14. Nh4 g5 15. Ng2 Be6 16. Ne3 Qc5 17. Bg2 Nd4 18. Rd2 Bxa2 19. Kd1 Ne6 20. Rd7+ Kg8 21. Nd5 Nf4 22. Nxf4 gxf4 23. Qd3 e4 24. Bxe4 Kf8 25. Bd5 Bxd5 26. Rxd5 Qc6 27. Kc1 Rg8 28. Rd1 Rg7 29. Rd8+ Rxd8 30. Qxd8+ Kf7 31. Rd7+ Kg6 32. Qe8+ Kh7 33. Rxg7+ Kxg7 34. Qxc6 bxc6 35. Kd2 f5 36. f3 Kf6 37. h4 Ke5 38. Kd3 a5 39. b3 Kd5 40. gxf5 c5 41. c4+ Ke5 42. f6 1-0

[Event "Olympiad-37"]
[Site "Turin"]
[Date "2006.05.29"]
[Round "8"]
[White "Berend, Fred"]
[Black "Kelly, Brian"]
[Result "1/2-1/2"]
[WhiteElo "2368"]
[BlackElo "2492"]
[PlyCount "84"]
[EventDate "2006.05.21"]
[EventType "team-swiss"]
[EventRounds "13"]
[EventCountry "ITA"]
[SourceTitle "CBM 113"]
[Source "ChessBase"]
[SourceDate "2006.07.31"]
[SourceVersion "1"]
[SourceVersionDate "2006.07.31"]
[SourceQuality "1"]
[WhiteTeam "Luxembourg"]
[BlackTeam "Ireland"]
[WhiteTeamCountry "LUX"]
[BlackTeamCountry "IRL"]

1. e4 c5 2. Nc3 Nc6 3. Bb5 Nd4 4. Bc4 g6 5. Nf3 Bg7 6. 0-0 e6 7. Nxd4 cxd4 8. Nb5 a6 9. Nd6+ Ke7 10. Nxc8+ Rxc8 11. d3 Nf6 12. e5 Ne8 13. Re1 Qc7 14. Qe2 d5 15. Bb3 Qb6 16. c3 Nc7 17. cxd4 Nb5 18. Bg5+ Kf8 19. Rac1 Rc6 20. Ba4 Qxd4 21. Bxb5 axb5 22. Be3 Qa4 23. Bc5+ Kg8 24. Rc3 b4 25. Rcc1 Bh6 26. b3 Qb5 27. Be3 Bxe3 28. Qxe3 Kg7 29. Rxc6 bxc6 30. h4 h5 31. Qf3 Ra8 32. Qf6+ Kg8 33. Re3 Qb8 34. Re2 Qd8 35. Qf4 c5 36. Rc2 Rc8 37. g3 Rc7 38. Qc1 Qc8 39. a3 bxa3 40. Qxa3 Qb8 41. Rxc5 Rxc5 42. Qxc5 Qxb3 1/2-1/2

[Event "Olympiad-37"]
[Site "Turin"]
[Date "2006.05.27"]
[Round "6"]
[White "Kelly, Brian"]
[Black "Macieja, Bartlomiej"]
[Result "1/2-1/2"]
[WhiteElo "2492"]
[BlackElo "2584"]
[PlyCount "180"]
[EventDate "2006.05.21"]
[EventType "team-swiss"]
[EventRounds "13"]
[EventCountry "ITA"]
[SourceTitle "CBM 113"]
[Source "ChessBase"]
[SourceDate "2006.07.31"]
[SourceVersion "1"]
[SourceVersionDate "2006.07.31"]
[SourceQuality "1"]
[WhiteTeam "Ireland"]
[BlackTeam "Poland"]
[WhiteTeamCountry "IRL"]
[BlackTeamCountry "POL"]

1. d4 e6 2. c4 b6 3. Nc3 Bb4 4. Qc2 Bb7 5. a3 Bxc3+ 6. Qxc3 f5 7. Qg3 Kf7 8. Nh3 Nf6 9. f3 Nc6 10. e3 Na5 11. Bd2 Nb3 12. Rd1 Nxd2 13. Rxd2 Re8 14. Be2 Kg8 15. 0-0 d6 16. Rfd1 Qe7 17. Bd3 a5 18. Qh4 a4 19. Re2 Ra5 20. Nf2 e5 21. dxe5 Qxe5 22. Rde1 h6 23. Qd4 Qe6 24. e4 f4 25. e5 dxe5 26. Qxf4 exf4 27. Rxe6 Rxe6 28. Rxe6 Kf7 29. Re2 g5 30. Kf1 Nd7 31. Rc2 Nc5 32. Be2 Nb3 33. Rc3 Nd4 34. Nd3 Ba6 35. Kf2 Ne6 36. Nb4 Bb7 37. Nd3 Kf6 38. Nb4 Re5 39. Bd1 Nd4 40. Rd3 c5 41. Nc2 Nf5 42. Rd7 Re7 43. Rd8 Bc6 44. Be2 Re8 45. Rd1 Re7 46. Rd8 Re8 47. Rd1 Re6 48. Rd8 Rd6 49. Rf8+ Ke5 50. Ke1 Bd7 51. Rb8 Nh4 52. Bf1 Bf5 53. Re8+ Re6 54. Rxe6+ Kxe6 55. Kd2 Bxc2 56. Kxc2 Nf5 57. Kd3 Ne3 58. Be2 Nxg2 59. Bd1 Ke5 60. Bxa4 Ne1+ 61. Ke2 Ng2 62. Kd3 Ne3 63. h3 Kd6 64. b4 Nf5 65. Ke4 Ng3+ 66. Kd3 Nh1 67. Ke2 Ng3+ 68. Kd3 Nh1 69. Ke2 cxb4 70. axb4 Ke5 71. Be8 Kd4 72. Bf7 Ng3+ 73. Kd2 Nf5 74. Be6 Nd6 75. c5 bxc5 76. bxc5 Kxc5 77. Kd3 Ne8 78. Ke4 Kd6 79. Ba2 Ng7 80. h4 gxh4 81. Kxf4 h5 82. Bc4 Ke7 83. Bf1 Kf6 84. Bh3 Ne8 85. Ke3 Nc7 86. f4 Nd5+ 87. Ke4 Nc3+ 88. Kf3 Nb5 89. Ke4 Na3 90. Kf3 Nc4 1/2-1/2

[Event "Olympiad-37"]
[Site "Turin"]
[Date "2006.05.23"]
[Round "3"]
[White "Palac, Mladen"]
[Black "Kelly, Brian"]
[Result "1-0"]
[WhiteElo "2561"]
[BlackElo "2492"]
[PlyCount "65"]
[EventDate "2006.05.21"]
[EventType "team-swiss"]
[EventRounds "13"]
[EventCountry "ITA"]
[SourceTitle "CBM 113"]
[Source "ChessBase"]
[SourceDate "2006.07.31"]
[SourceVersion "1"]
[SourceVersionDate "2006.07.31"]
[SourceQuality "1"]
[WhiteTeam "Croatia"]
[BlackTeam "Ireland"]
[WhiteTeamCountry "CRO"]
[BlackTeamCountry "IRL"]

1. e4 c5 2. Nf3 d6 3. d4 cxd4 4. Nxd4 Nf6 5. Nc3 a6 6. Be3 e5 7. Nde2 Nbd7 8. Ng3 b5 9. a4 b4 10. Nd5 Bb7 11. Bc4 Rc8 12. Nxf6+ Nxf6 13. Qe2 Qa5 14. Bg5 Nd7 15. 0-0 g6 16. Rfd1 h6 17. Bd2 Be7 18. b3 Rb8 19. Rac1 Nf6 20. c3 bxc3 21. Rxc3 Qb6 22. b4 Kf8 23. Be3 Qc6 24. b5 axb5 25. axb5 Qd7 26. b6 Nxe4 27. Nxe4 Bxe4 28. Bb3 Bd8 29. Rxd6 Qxd6 30. Bc5 Qxc5 31. Rxc5 Bxb6 32. Qxe4 Bxc5 33. Qxe5 1-0

[Event "BCF-chT 0506 (4NCL)"]
[Site "Birmingham"]
[Date "2006.01.14"]
[Round "5.1"]
[White "Le Roux, Jean Pierre"]
[Black "Kelly, Brian"]
[Result "1-0"]
[WhiteElo "2497"]
[BlackElo "2492"]
[PlyCount "61"]
[EventDate "2005.10.22"]
[EventType "team-tourn"]
[EventRounds "11"]
[EventCountry "ENG"]
[SourceTitle "EXT 2007"]
[Source "ChessBase"]
[SourceDate "2006.11.23"]
[SourceVersion "1"]
[SourceVersionDate "2006.11.23"]
[SourceQuality "1"]
[WhiteTeam "Slough Sharks"]
[BlackTeam "Barbican"]
[WhiteTeamCountry "ENG"]
[BlackTeamCountry "ENG"]

1. c4 c5 2. Nc3 Nf6 3. g3 e6 4. Nf3 b6 5. Bg2 Bb7 6. 0-0 Be7 7. Re1 a6 8. e4 d6 9. d4 cxd4 10. Nxd4 Qc7 11. Bg5 0-0 12. Rc1 Nbd7 13. Nd5 exd5 14. cxd5 Nc5 15. Bxf6 Bxf6 16. b4 Rac8 17. bxc5 bxc5 18. Nf5 Rb8 19. Ne3 Bc8 20. Nc4 Bd4 21. Qd2 f5 22. e5 dxe5 23. d6 Qd8 24. Rxe5 Qf6 25. Bd5+ Kh8 26. Re7 h6 27. Qf4 g5 28. Qf3 f4 29. g4 h5 30. Qe4 Qh6 31. Ne5 1-0

[Event "EU-Cup 21st"]
[Site "Saint Vincent"]
[Date "2005.09.23"]
[Round "6.2"]
[White "Kristjansson, Stefan"]
[Black "Kelly, Brian"]
[Result "1-0"]
[WhiteElo "2459"]
[BlackElo "2504"]
[PlyCount "95"]
[EventDate "2005.09.18"]
[EventType "team-swiss"]
[EventRounds "7"]
[EventCountry "ITA"]
[SourceTitle "CBM 110"]
[Source "ChessBase"]
[SourceDate "2006.01.31"]
[SourceVersion "1"]
[SourceVersionDate "2006.01.31"]
[SourceQuality "1"]
[WhiteTeam "Reykjavik CC"]
[BlackTeam "Barbican"]
[WhiteTeamCountry "ISL"]
[BlackTeamCountry "ENG"]

1. e4 e6 2. d4 d5 3. e5 c5 4. c3 Qb6 5. Nf3 Bd7 6. Bd3 Bb5 7. dxc5 Bxc5 8. b4 Bxd3 9. Qxd3 Be7 10. a4 Qa6 11. b5 Qa5 12. 0-0 Nd7 13. c4 Nb6 14. Nbd2 Rc8 15. cxd5 Nxd5 16. Ne4 Nb4 17. Qe2 Qc7 18. Be3 Qc4 19. Qxc4 Rxc4 20. Nfd2 Rc8 21. Rac1 Rxc1 22. Rxc1 Kd7 23. Bxa7 Nh6 24. Nc4 Nd5 25. Nb6+ Nxb6 26. Bxb6 Rc8 27. Rd1+ Ke8 28. h3 Rc4 29. Nd6+ Bxd6 30. Rxd6 Rc8 31. a5 Nf5 32. Rd1 Ne7 33. a6 bxa6 34. bxa6 Nd5 35. Bd4 Ra8 36. a7 Kd7 37. Rb1 Kc8 38. Bc5 f6 39. exf6 gxf6 40. Rb3 e5 41. Kh2 Nf4 42. g4 Ne6 43. Bb6 Nd4 44. Rb2 Nc6 45. Kg3 Kb7 46. Kf3 Re8 47. Ke4 Nxa7 48. Be3+ 1-0

[Event "EU-Cup 21st"]
[Site "Saint Vincent"]
[Date "2005.09.18"]
[Round "1.2"]
[White "Fejzullahu, Afrim"]
[Black "Kelly, Brian"]
[Result "0-1"]
[WhiteElo "2299"]
[BlackElo "2504"]
[PlyCount "128"]
[EventDate "2005.09.18"]
[EventType "team-swiss"]
[EventRounds "7"]
[EventCountry "ITA"]
[SourceTitle "CBM 110"]
[Source "ChessBase"]
[SourceDate "2006.01.31"]
[SourceVersion "1"]
[SourceVersionDate "2006.01.31"]
[SourceQuality "1"]
[WhiteTeam "Mitrovice"]
[BlackTeam "Barbican"]
[WhiteTeamCountry "ALB"]
[BlackTeamCountry "ENG"]

1. e4 e6 2. d4 d5 3. Nc3 Bb4 4. e5 Ne7 5. Bd2 b6 6. Nf3 Qd7 7. Bd3 Ba6 8. Bxa6 Nxa6 9. Qe2 Nb8 10. 0-0 Bxc3 11. Bxc3 c5 12. a4 Nbc6 13. b3 0-0 14. Bb2 cxd4 15. Nxd4 Nxd4 16. Bxd4 Rfc8 17. Rfd1 Qb7 18. Bb2 Rc6 19. Rd2 Rac8 20. Rad1 Qb8 21. g3 h6 22. Rc1 Nf5 23. Ba3 Qc7 24. Kg2 Qb7 25. Kg1 a6 26. Bb2 b5 27. axb5 axb5 28. Ra1 Ra6 29. Rdd1 Rxa1 30. Rxa1 Qc6 31. c3 Qb6 32. Qd3 Qb8 33. Qe2 b4 34. c4 dxc4 35. bxc4 Qc7 36. Rc1 Qc5 37. Qd3 Ra8 38. Rd1 Qc6 39. Qb3 Rb8 40. Qd3 Rc8 41. Rc1 Qb6 42. Qb3 Ne7 43. Qa4 Nc6 44. Rd1 Qc5 45. Qb5 Qxb5 46. cxb5 Ne7 47. Rd7 Nd5 48. Ra7 Rc2 49. Bd4 b3 50. b6 b2 51. Bxb2 Rxb2 52. b7 Kh7 53. Kg2 Kg6 54. g4 h5 55. h3 hxg4 56. hxg4 Rb6 57. Kg3 Nb4 58. f4 Nc6 59. Ra8 Rxb7 60. Ra6 Rb3+ 61. Kh4 Rc3 62. Rb6 f6 63. exf6 Kxf6 64. f5 g5+ 0-1

[Event "EU-chT (Men) 15th"]
[Site "Gothenburg"]
[Date "2005.08.06"]
[Round "8.2"]
[White "D'Amore, Carlo"]
[Black "Kelly, Brian"]
[Result "0-1"]
[WhiteElo "2463"]
[BlackElo "2504"]
[PlyCount "106"]
[EventDate "2005.07.30"]
[EventType "team-swiss"]
[EventRounds "9"]
[EventCountry "SWE"]
[SourceTitle "CBM 109"]
[Source "ChessBase"]
[SourceDate "2005.11.14"]
[SourceVersion "1"]
[SourceVersionDate "2005.11.14"]
[SourceQuality "1"]
[WhiteTeam "Italy"]
[BlackTeam "Ireland"]
[WhiteTeamCountry "ITA"]
[BlackTeamCountry "IRL"]

1. Nf3 d5 2. g3 Nf6 3. Bg2 c6 4. d3 Bg4 5. b3 e6 6. Bb2 a5 7. a3 Nbd7 8. Nbd2 Be7 9. 0-0 0-0 10. h3 Bh5 11. c4 Qb6 12. Ra2 Rfd8 13. Qa1 Qa6 14. Rc1 Bd6 15. g4 Bg6 16. Ne5 Nxe5 17. Bxe5 Bxe5 18. Qxe5 Nd7 19. Qe3 Re8 20. Rb2 h6 21. f4 f6 22. Nf3 Bf7 23. g5 hxg5 24. fxg5 Qb6 25. c5 Qd8 26. b4 axb4 27. Rxb4 Rxa3 28. Rxb7 Bh5 29. Nd4 Qc8 30. Rcb1 Ra1 31. gxf6 Qxb7 32. Rxa1 Nxf6 33. Rf1 Bf7 34. Kh1 Qd7 35. Nf3 e5 36. Nxe5 Qe6 37. d4 Nd7 38. Qf4 Nxe5 39. dxe5 Bg6 40. Qg5 Be4 41. Bxe4 Qxh3+ 42. Kg1 dxe4 43. Rd1 Qc3 44. Rd8 Qe1+ 45. Kg2 Qxe2+ 46. Kg1 Qe1+ 47. Kg2 Rxd8 48. Qxd8+ Kh7 49. Qg5 Qe2+ 50. Kg1 Qd1+ 51. Kf2 Qf3+ 52. Kg1 e3 53. e6 e2 0-1

[Event "EU-chT (Men) 15th"]
[Site "Gothenburg"]
[Date "2005.07.31"]
[Round "2.2"]
[White "Van der Stricht, Geert"]
[Black "Kelly, Brian"]
[Result "1/2-1/2"]
[WhiteElo "2400"]
[BlackElo "2504"]
[PlyCount "47"]
[EventDate "2005.07.30"]
[EventType "team-swiss"]
[EventRounds "9"]
[EventCountry "SWE"]
[SourceTitle "CBM 109"]
[Source "ChessBase"]
[SourceDate "2005.11.14"]
[SourceVersion "1"]
[SourceVersionDate "2005.11.14"]
[SourceQuality "1"]
[WhiteTeam "Belgium"]
[BlackTeam "Ireland"]
[WhiteTeamCountry "BEL"]
[BlackTeamCountry "IRL"]

1. d4 d5 2. c4 c6 3. Nc3 Nf6 4. e3 e6 5. Nf3 Nbd7 6. Qc2 Bd6 7. Bd3 0-0 8. 0-0 dxc4 9. Bxc4 a6 10. b3 c5 11. dxc5 Nxc5 12. Rd1 Qc7 13. Bb2 b6 14. b4 Ncd7 15. Ne4 Nxe4 16. Qxe4 Bb7 17. Qd4 Nf6 18. Qxd6 Qxc4 19. Bxf6 Bxf3 20. gxf3 gxf6 21. Rd4 Qe2 22. Qf4 e5 23. Qxf6 exd4 24. Qg5+ 1/2-1/2

[Event "BCF-chT 0405 (4NCL)"]
[Site "West Bromwich"]
[Date "2005.04.30"]
[Round "9.1"]
[White "Kelly, Brian"]
[Black "Sutovsky, Emil"]
[Result "1/2-1/2"]
[WhiteElo "2497"]
[BlackElo "2665"]
[PlyCount "112"]
[EventDate "2004.09.18"]
[EventType "team-tourn"]
[EventRounds "11"]
[EventCountry "ENG"]
[SourceTitle "EXT 2006"]
[Source "ChessBase"]
[SourceDate "2005.11.24"]
[SourceVersion "1"]
[SourceVersionDate "2005.11.24"]
[SourceQuality "1"]
[WhiteTeam "Barbican"]
[BlackTeam "Guildford"]
[WhiteTeamCountry "ENG"]
[BlackTeamCountry "ENG"]

1. c4 Nf6 2. Nf3 g6 3. Nc3 Bg7 4. e4 0-0 5. d4 d6 6. Be2 e5 7. 0-0 Nbd7 8. Be3 c6 9. d5 c5 10. Ne1 Ne8 11. g4 Kh8 12. Kh1 f5 13. gxf5 gxf5 14. exf5 Ndf6 15. Bd3 e4 16. Nxe4 Nxe4 17. Bxe4 Bxf5 18. Bxf5 Rxf5 19. Qg4 Qd7 20. Nf3 Nf6 21. Qh3 b5 22. b3 Re8 23. Rae1 bxc4 24. bxc4 Rh5 25. Qxd7 Nxd7 26. Rg1 Rf8 27. Rg5 Rh3 28. Reg1 Bh6 29. R5g3 Rxg3 30. Rxg3 Bf4 31. Rh3 Kg7 32. Kg2 Bxe3 33. fxe3 Rb8 34. Ng5 Rb2+ 35. Kf3 Kg6 36. Ne6 Ne5+ 37. Ke4 Nxc4 38. Nf4+ Kf6 39. Rxh7 Rxa2 40. h4 Ra3 41. Rh6+ Kg7 42. Rg6+ Kh7 43. Rg3 a5 44. Nh5 Kh6 45. Nf6 Ra1 46. Kf5 Rf1+ 47. Ke6 a4 48. h5 Ne5 49. Kxd6 Rf3 50. Rxf3 Nxf3 51. Ne4 a3 52. Nc3 Kxh5 53. Kxc5 Kg6 54. e4 Kf6 55. Kb4 Ke5 56. Kxa3 Nd2 1/2-1/2

[Event "Bunratty Masters op 12th"]
[Site "Bunratty"]
[Date "2005.02.20"]
[Round "5"]
[White "D'Costa, Lorin AR"]
[Black "Kelly, Brian"]
[Result "0-1"]
[WhiteElo "2356"]
[BlackElo "2497"]
[PlyCount "60"]
[EventDate "2005.02.18"]
[EventType "swiss"]
[EventRounds "6"]
[EventCountry "IRL"]
[SourceTitle "EXT 2006"]
[Source "ChessBase"]
[SourceDate "2005.11.24"]
[SourceVersion "1"]
[SourceVersionDate "2005.11.24"]
[SourceQuality "1"]

1. e4 e6 2. d4 d5 3. Nd2 c5 4. exd5 Qxd5 5. dxc5 Bxc5 6. Ngf3 Nf6 7. Bc4 Qc6 8. Qe2 a6 9. Nb3 Be7 10. Bd2 0-0 11. Bd3 Nbd7 12. 0-0-0 Qa4 13. Kb1 Nd5 14. h4 b5 15. Ng5 N7f6 16. g3 b4 17. f4 Bd7 18. Nf3 Rfc8 19. Ne5 Bb5 20. Bc1 Nc3+ 21. bxc3 Nd5 22. Bb2 Bxd3 23. Rxd3 bxc3 24. Rxd5 exd5 25. Bc1 Ba3 26. Qh5 Rc7 27. Qd1 Bxc1 28. Qxc1 a5 29. Rd1 Qb5 30. Ka1 Rb8 0-1

[Event "Olympiad-36"]
[Site "Mallorca"]
[Date "2004.10.23"]
[Round "8"]
[White "Kelly, Brian"]
[Black "Kengis, Edvins"]
[Result "1/2-1/2"]
[WhiteElo "2494"]
[BlackElo "2543"]
[PlyCount "65"]
[EventDate "2004.10.15"]
[EventType "team-swiss"]
[EventRounds "14"]
[EventCountry "ESP"]
[SourceTitle "CBM 104"]
[Source "ChessBase"]
[SourceDate "2005.01.27"]
[SourceVersion "1"]
[SourceVersionDate "2005.01.27"]
[SourceQuality "1"]
[WhiteTeam "Ireland"]
[BlackTeam "Latvia"]
[WhiteTeamCountry "IRL"]
[BlackTeamCountry "LAT"]

1. d4 Nf6 2. c4 e6 3. Nc3 Bb4 4. Qc2 0-0 5. a3 Bxc3+ 6. Qxc3 d6 7. Bg5 Nbd7 8. e3 b6 9. Bd3 Bb7 10. f3 c5 11. Ne2 Rc8 12. b4 h6 13. Bh4 d5 14. dxc5 bxc5 15. b5 Ne4 16. Bxd8 Nxc3 17. Be7 Rfe8 18. Bd6 dxc4 19. Bxc4 Nb6 20. Bd3 Nca4 21. Bg3 Red8 22. Bc2 a6 23. bxa6 Bxa6 24. e4 Bxe2 25. Kxe2 Nc3+ 26. Ke1 Nc4 27. Bf4 Rd4 28. Bc1 Rcd8 29. Rf1 Nd2 30. Rg1 Nc4 31. Rf1 Nd2 32. Rg1 Nc4 33. Rf1 1/2-1/2

[Event "Olympiad-36"]
[Site "Mallorca"]
[Date "2004.10.15"]
[Round "1"]
[White "Salcedo, Ivan"]
[Black "Kelly, Brian"]
[Result "0-1"]
[WhiteElo "2150"]
[BlackElo "2494"]
[PlyCount "62"]
[EventDate "2004.10.15"]
[EventType "team-swiss"]
[EventRounds "14"]
[EventCountry "ESP"]
[SourceTitle "CBM 104"]
[Source "ChessBase"]
[SourceDate "2005.01.27"]
[SourceVersion "1"]
[SourceVersionDate "2005.01.27"]
[SourceQuality "1"]
[WhiteTeam "Panama"]
[BlackTeam "Ireland"]
[WhiteTeamCountry "PAN"]
[BlackTeamCountry "IRL"]

1. e4 e6 2. d4 d5 3. Nc3 Bb4 4. e5 Ne7 5. a3 Bxc3+ 6. bxc3 b6 7. Nf3 Ba6 8. Bd3 Bxd3 9. cxd3 c5 10. 0-0 Nd7 11. Bg5 h6 12. Be3 Nf5 13. g4 Nh4 14. Nxh4 Qxh4 15. f4 Qh3 16. Qf3 Qxf3 17. Rxf3 h5 18. g5 g6 19. dxc5 bxc5 20. Rb1 0-0-0 21. Rb5 Kc7 22. a4 a6 23. Rb2 Rb8 24. Rff2 Rxb2 25. Rxb2 Rb8 26. Rxb8 Kxb8 27. a5 c4 28. d4 Kb7 29. Bc1 Kc6 30. Kf2 Kb5 31. Ke2 Ka4 0-1

[Event "BCF-chT 0304 (4NCL)"]
[Site "West Bromwich"]
[Date "2004.05.03"]
[Round "9.2"]
[White "Kelly, Brian"]
[Black "Kosteniuk, Alexandra"]
[Result "0-1"]
[WhiteElo "2499"]
[BlackElo "2469"]
[PlyCount "82"]
[EventDate "2003.10.18"]
[EventType "team-tourn"]
[EventRounds "11"]
[EventCountry "ENG"]
[SourceTitle "EXT 2005"]
[Source "ChessBase"]
[SourceDate "2004.11.15"]
[SourceVersion "1"]
[SourceVersionDate "2004.11.15"]
[SourceQuality "1"]
[WhiteTeam "Barbican"]
[BlackTeam "Numerica 3CS"]
[WhiteTeamCountry "ENG"]
[BlackTeamCountry "ENG"]

1. d4 d5 2. c4 e6 3. Nc3 c6 4. e3 Nf6 5. Nf3 Nbd7 6. Qc2 Bd6 7. Be2 0-0 8. 0-0 dxc4 9. Bxc4 a6 10. Rd1 b5 11. Be2 Qc7 12. Ne4 Nxe4 13. Qxe4 e5 14. Qh4 Re8 15. Bd3 h6 16. a4 Bb7 17. Bf5 exd4 18. exd4 Nf8 19. Qg4 Kh8 20. Be3 Qe7 21. Rdc1 Rad8 22. h3 Qf6 23. Nd2 g6 24. Bd3 Qg7 25. Nb3 f5 26. Qh4 f4 27. Bd2 Kg8 28. Bc2 Bc8 29. f3 Be6 30. Qf2 Bd5 31. Nc5 Ne6 32. Nxe6 Rxe6 33. Re1 Bc7 34. a5 c5 35. dxc5 Qxb2 36. Rac1 Be5 37. Kh1 Bc4 38. Red1 Bf6 39. Re1 Bd4 40. Qh4 g5 41. Qh5 Rxe1+ 0-1

[Event "BCF-chT 0304 (4NCL)"]
[Site "West Bromwich"]
[Date "2004.05.02"]
[Round "8.2"]
[White "Kelly, Brian"]
[Black "Speelman, Jonathan S"]
[Result "1/2-1/2"]
[WhiteElo "2499"]
[BlackElo "2569"]
[PlyCount "72"]
[EventDate "2003.10.18"]
[EventType "team-tourn"]
[EventRounds "11"]
[EventCountry "ENG"]
[SourceTitle "EXT 2005"]
[Source "ChessBase"]
[SourceDate "2004.11.15"]
[SourceVersion "1"]
[SourceVersionDate "2004.11.15"]
[SourceQuality "1"]
[WhiteTeam "Barbican"]
[BlackTeam "Wood Green"]
[WhiteTeamCountry "ENG"]
[BlackTeamCountry "ENG"]

1. c4 b6 2. Nf3 Bb7 3. g3 g6 4. Bg2 Bg7 5. 0-0 Nf6 6. Nc3 0-0 7. Re1 Ne4 8. Nxe4 Bxe4 9. d3 Bb7 10. e4 e5 11. d4 exd4 12. Nxd4 Re8 13. Nc2 Na6 14. Rb1 Nc5 15. f3 a6 16. Be3 d6 17. Bd4 Be5 18. Qd2 Qf6 19. b3 Ne6 20. Ba1 Qg7 21. Ne3 b5 22. b4 Rad8 23. Qd3 bxc4 24. Qxc4 c6 25. f4 Bxa1 26. Rxa1 d5 27. exd5 cxd5 28. Nxd5 Rc8 29. Qd3 Red8 30. Rad1 Bxd5 31. Bxd5 Nc7 32. Qb3 Rxd5 33. Rxd5 Nxd5 34. Qxd5 Qb2 35. Qe4 Qxa2 36. Re2 Qc4 1/2-1/2